Online Catalogue and eLibrary

Selected Writings (Record no. 2246)

MARC details
000 -LEADER
fixed length control field 00429nam a2200169Ia 4500
005 - DATE AND TIME OF LATEST TRANSACTION
control field 20240417043450.0
008 - FIXED-LENGTH DATA ELEMENTS--GENERAL INFORMATION
fixed length control field 240331s9999 xx 000 0 und d
020 ## - INTERNATIONAL STANDARD BOOK NUMBER
ISBN 9559102400
082 ## - DDC Classification
Item Number - Author Mark Hec.
Class No. 324.23
100 ## - MAIN ENTRY--PERSONAL NAME
Personal name Abhayavardhana, Hector.
245 #0 - TITLE STATEMENT
Title Selected Writings
260 ## - PUBLICATION, DISTRIBUTION, ETC.
Place of publication, distribution, etc. Colombo :
Name of publisher, distributor, etc. Social Scientists' Association /
Date of publication, distribution, etc. 2001.
300 ## - PHYSICAL DESCRIPTION
Extent (e.g. Volumes, Pages etc.) vi, 415 p .,
650 ## - SUBJECT ADDED ENTRY--TOPICAL TERM
Topical term or geographic name entry element Social
650 ## - SUBJECT ADDED ENTRY--TOPICAL TERM
Topical term or geographic name entry element Political
942 ## - Koha item type (Biblio)
Koha item type Books in Stacks (Lending)
Holdings
Lost status Damaged status Collection code Home library Current library Shelving location Date acquired Full call number Accession Number Item type
    Lending WERC Library WERC Library Social Science Cupboard 03/31/2024 320 ABA 4381 Books in Stacks (Lending)

© WERC Library